000 00601nam a2200193Ia 4500
005 20250508150720.0
008 008 250505s9999 xx 000 0 eng d
037 _aTextual
040 _aFEDL
_beng
_cFEDL
041 _aeng
_2eng
084 _a930, BRE
_qFEDL
100 _aBreasted James Henry
245 0 _aAncient times: A history of the early World: An introduction to the study of Ancient history and the career of early man
250 _a2
260 _aBoston, USA
_bGinn and Company
_c1944
300 _axiii,823p
942 _cTEXL
_h930, BRE
999 _c1325226
_d1325226